| 000 | 00898nac a22001931u 4500 | ||
|---|---|---|---|
| 008 | 100719t1966 eu||||| |||| 00| 0 ara d | ||
| 082 |
_a110 _bر ج ب |
||
| 100 |
_aرجب ، محمود _916413 |
||
| 110 |
_aAl Gomhoreya AlArabeya Al Motaheda Wezarat Al Thakafa _916414 |
||
| 245 |
_aالميتافيزيقا : _bعند الفلاسفة المعاصريين / _cمحمود رجب |
||
| 260 |
_aالقاهرة : _bمنشأة المعرفة ،1970 _c1970. |
||
| 300 |
_a341 ص ؛ _c24 سم |
||
| 504 | _aيشتمل على ببليوجرافية ص 331-337 | ||
| 511 | _aCatalogued by: Sara | ||
| 541 |
_aالف باء ؛ _cشراء ؛ |
||
| 650 |
_aما وراء الطبيعة ، علم _922244 |
||
| 942 |
_cBB _k110 ر ج ب _2ddc |
||
| 999 |
_c6036 _d6036 |
||